000 01214nas a2200265 4500
008 s2004 fr fre u
020 _a9771244654007
040 _aLB-BrCRDP
082 1 _a070.4
_bDOS
245 1 4 _aLes dossiers de l'ingénierie éducative. No 46
_bLes nouveaux espaces numériques d'éducation
260 _aParis
_bCNDP
_cMars 2004
300 _a68 p.
_bcouv. couleur, ill. coul.
_c30 cm
500 _aSommaire.
520 _aLes espaces numériques de travail et l'espace numérique des savoirs intéressent l'organisation des établissements scolaires. Ils obligent à faire preuve d'une cohérence renforcée au niveau de l'établissement et des récentes communautés éducatives délocalisées qui doivent maîtriser une profusion de services , des ressources éparpillées et de nouveaux usages.
650 4 _aPratique pédagogique
650 4 _aEducation
650 4 _aEnseignement
650 4 _aTICE (technologies de l'information et de la communication dans l'enseignement)
650 4 _aInternet
650 4 _aInnovation technique
650 4 _aActivités pédagogiques
650 4 _aLogiciels
942 _cCR
999 _c3574
_d3574